Meilleurs clubs de football de chaque département (Saison 2025-2026) - Statistiques

Statistiques générales
  • Ce quiz a été pris 82 fois
  • Le résultat moyen est 49 sur 96
Statistiques - réponses
Département Clubs Division % Correct
Paris Paris SG | Paris FC Ligue 1
91%
Alpes-Maritimes OGC Nice Ligue 1
89%
Bouches-du-Rhône Olympique de Marseille Ligue 1
89%
Nord Lille OSC Ligue 1
86%
Loire-Atlantique FC Nantes Ligue 1
84%
Gironde Girondins de Bordeaux National 2
84%
Rhône Olympique Lyonnais Ligue 1
84%
Moselle FC Metz Ligue 1
83%
Bas-Rhin RC Strasbourg Ligue 1
83%
Finistère Stade Brestois Ligue 1
83%
Haute-Garonne Toulouse FC Ligue 1
83%
Ille-et-Vilaine Stade Rennais Ligue 1
82%
Loire AS Saint-Etienne Ligue 2
80%
Hérault Montpellier HSC Ligue 2
80%
Pas-de-Calais RC Lens Ligue 1
80%
Morbihan FC Lorient Ligue 1
79%
Calvados SM Caen National
78%
Seine-Maritime Le Havre AC Ligue 1
76%
Haute-Corse SC Bastia Ligue 2
75%
Yonne AJ Auxerre Ligue 1
74%
Somme Amiens SC Ligue 2
74%
Maine-et-Loire Angers SCO Ligue 1
74%
Meurthe-et-Moselle AS Nancy Lorraine Ligue 2
74%
Côte-d'Or Dijon FCO National
74%
Aube ESTAC Troyes Ligue 2
74%
Corse-du-Sud GFC Ajaccio National 3
74%
Isère Grenoble Foot 38 Ligue 2
74%
Sarthe Le Mans FC Ligue 2
74%
Pyrénées-Atlantiques Pau FC Ligue 2
74%
Marne Stade de Reims Ligue 2
72%
Puy-de-Dôme Clermont Foot Ligue 2
71%
Loiret US Orléans National
70%
Haute-Savoie FC Annecy Ligue 2
68%
Vendée Les Herbiers VF | VFC La Roche National 2
68%
Gard Nîmes Olympique National 2
68%
Ain FC Bourg Péronnas National
67%
Mayenne Stade Lavallois Ligue 2
66%
Doubs FC Sochaux-Montbéliard National
63%
Yvelines FC Versailles National
63%
Drôme Crest-Aouste | Olympique de Valence Régional 1
62%
Côtes-d'Armor EA Guingamp Ligue 2
62%
Seine-Saint-Denis Red Star FC Ligue 2
62%
Aveyron Rodez AF Ligue 2
59%
Var EFC Fréjus St-Raphaël | Hyères FC | SC Toulon National 2
58%
Indre LB Châteauroux National
58%
Oise US Chantilly | FC Chambly | AS Beauvais National 2
55%
Hautes-Alpes Gap Foot 05 Régional 3
54%
Haut-Rhin ASC Biesheim | SR Colmar National 2
53%
Vienne Stade poitevin FC National 2
51%
Territoire de Belfort ASM Belfort National 3
47%
Ardennes Olympique Charleville PAM National 3
47%
Charente Angoulême Charente FC National 2
46%
Loir-et-Cher Blois Foot National 2
46%
Savoie Chambéry Savoie Foot Régional 1
46%
Haute-Loire Le Puy Foot 43 National
46%
Eure Pacy-Ménilles FC | Saint-Marcel Football | Evreux FC 27 Régional 1
45%
Vosges SAS Epinal National 2
45%
Allier Moulins-Yzeure Foot National 3
42%
Cher Bourges Foot National 2
41%
Saône-et-Loire Mâcon 71 | FC Chalon National 3
41%
Orne US Alençon National 3
41%
Tarn Albi Marssac TFA Régional 1
39%
Eure-et-Loir C'Chartres Football National 3
39%
Manche US Granville | US Avranches National 2
39%
Cantal Aurillac FC Régional 1
38%
Meuse Etain-Buzy US | Bar-le-Duc FC | US Behonne Longeville En Barrois | Entente Sorcy Void Vacon | Entente Centre Ornain Régional 2
37%
Creuse Gouzon Avenir | ES Guéret | Aubusson EF Régional 2
37%
Aisne Olympique Saint-Quentin National 3
37%
Hautes-Pyrénées Tarbes Pyrénées Football National 3
36%
Val-de-Marne US Créteil-Lusitanos | US Lusitanos Saint-Maur National 2
36%
Aude FU Narbonne Régional 1
34%
Lozère Mende Avenir Foot Lozère Régional 1
33%
Tarn-et-Garonne FC 2 Rives 82 | Montauban FC Régional 1
32%
Gers Auch Football | Us Aignan Régional 2
30%
Corrèze Brive ESA Régional 1
30%
Essonne FC Fleury National
30%
Haute-Marne Chaumont FC | Marnaval SC Régional 1
29%
Haute-Saône FC Vesoul | Us Rioz Etuz Cussey Régional 1
29%
Jura Jura Dolois Football | Jura Sud Foot National 3
25%
Charente-Maritime Périgny FC | Rochefort FC Régional 1
24%
Pyrénées-Orientales FC Albères-Argelès | Canet Roussillon FC National 3
21%
Lot-et-Garonne Marmande 47 FC | Boé-Bon Encontre Régional 1
18%
Ariège Pamiers FC | Luzenac AP Régional 2
18%
Alpes-de-Haute-Provence Manosque EP Régional 2
17%
Dordogne Trélissac APFC | Boulazac ES Régional 1
13%
Nièvre UCS Cosne National 3
11%
Seine-et-Marne US Torcy PVMF National 3
11%
Indre-et-Loire FC Montlouis National 2
9%
Val-d'Oise AS Saint-Ouen-l'Aumône National 3
8%
Deux-Sèvres FC Chauray National 2
8%
Hauts-de-Seine Racing CFF National 3
8%
Haute-Vienne AS Panazol National 3
7%
Vaucluse AC Vedène Le Pontet Régional 1
5%
Lot AF Biars Bretenoux Régional 1
4%
Landes Saint-Paul Sport Régionale 1
3%
Ardèche FC Rhône Vallées Régional 1
1%
Aucun quiz correspondant
Distribution des résultats
% des personnes avec chaque résultat
Percentile par nombre de réponses
Votre historique - résultats
Vous n’avez pas pris ce quiz